|
|
|
|
| LEADER |
00822nam a22002412a 4500 |
| 001 |
000966116 |
| 003 |
CZ BrMZK |
| 005 |
20181101140619.0 |
| 007 |
ta |
| 008 |
090916s1961 xo er|||||||||||slo d |
| 040 |
|
|
|a ABA001
|b cze
|c ABA001
|d BOA001
|
| 041 |
1 |
|
|a slo
|h cze
|
| 100 |
1 |
|
|a Hanuš, Pavel,
|d 1928-1991
|7 jk01033496
|4 aut
|
| 245 |
1 |
0 |
|a Spenený koň /
|c Pavel Hanuš ; preložil Ivan Teran ; doslov Eugen Drmola
|
| 250 |
|
|
|a 1. vyd.
|
| 260 |
|
|
|a Bratislava :
|b Slovenské vydavateľstvo krásnej literatúry,
|c 1961
|
| 300 |
|
|
|a 161 s.
|
| 490 |
1 |
|
|a Divadelné hry ;
|v zv. 41
|
| 830 |
|
0 |
|a Divadelné hry (Slovenské vydavateľstvo krásnej literatúry)
|
| 910 |
|
|
|a BOA001
|b 1-0453.272
|
| 990 |
|
|
|a BK
|
| 991 |
|
|
|b 200909
|
| 996 |
7 |
|
|b 2619432352
|c 1-0453.272
|l MZK
|r Sklad / do 1 hodiny
|n 0
|w 000966116
|u 000010
|a 1
|e BOA001
|j MZK50
|s A
|